Tous les terminus des bus de Pau IDELIS - Statistiques

Statistiques générales
  • Ce quiz a été pris 7 fois
  • Le résultat moyen est 22 sur 37
Statistiques - réponses
Ligne Terminus % Correct
T3 LESCAR Soleil
100%
7 LESCAR Soleil
100%
13 LESCAR Soleil
100%
T2 LONS Perlic
100%
10 PAU Bosquet
100%
16 PAU Bosquet
100%
17 PAU Bosquet
100%
Emmaüs PAU Bosquet
100%
8 IDRON Mairie
80%
13 PAU EFS
80%
7 ARTIGUELOUTAN Salle des Fêtes
60%
6 BIZANOS Laurets
60%
11 GAN Le Neez
60%
T4 LONS Hauts du Perlic
60%
16 MONTARDON École
60%
9 MORLAÀS Communauté de Communes
60%
F PAU Gare de Pau
60%
12 PAU Porte des Pyrénées
60%
9 PAU Rives du Gave
60%
T2 PAU Stades du Hameau
60%
8 POEY-DE-LESCAR ZA D817
60%
14 JURANÇON Corps Franc Pommiès
40%
T1 JURANÇON LP A. Campa
40%
12 LESCAR Quartier Libre
40%
5 MAZÈRES-LEZONS L'Arriou
40%
T1 PAU Cité Multimédia
40%
T3 PAU CST J. Féger
40%
T4 PAU CST J. Féger
40%
F PAU Hôpital F. Mitterrand
40%
5 PAU Zénith
40%
10 SAUVAGNON Arzacq
40%
11 SENDETS Mairie
40%
6 SERRES-CASTET Liben
40%
14 BIZANOS Mairie
20%
Emmaüs LESCAR Village Emmaüs
20%
COX PAU Place Verdun
20%
17 UZEIN Aéroport Pau Pyrénées
20%
Aucun quiz correspondant
Distribution des résultats
% des personnes avec chaque résultat
Percentile par nombre de réponses
Votre historique - résultats
Vous n’avez pas pris ce quiz